000 00808nam a2200265 a 4500
001 68224
003 BD-RjUL
005 20211209081738.0
008 170040s1985 nyua b 001 0 eng
020 _a0471085464 :
_c$65.00 (est.)
035 _a(BD-RjUL)68434
040 _aDLC
_cDLC
_dBD-RjUL
_beng
041 _aeng
082 0 0 _a599
_223
_bCOE 1985
245 0 0 _aCoevolution of parasitic arthropods and mammals /
_cedited by Ke Chung Kim.
260 _aNew York :
_bWiley,
_cc1985.
300 _axiv, 800 p. :
_bill. ;
_c24 cm.
504 _aIncludes bibliographies and index.
650 0 _aMammals
_xEvolution.
_9202250
650 0 _aMammals
_xParasites
_xEvolution.
_9202251
650 0 _aCoevolution.
_9202252
700 1 _aKim, Ke Chung.
_9202253
942 _2ddc
_cBK
999 _c68224
_d68224